Rezeption der Homöopathie in polnischen Ärztekreisen des 19. Jahrhunderts
| Titel: | Rezeption der Homöopathie in polnischen Ärztekreisen des 19. Jahrhunderts |
|---|---|
| Verfasser: | |
| In: |
Medizin, Gesellschaft und Geschichte, Band 16 (1997), Seite 145-170 alle Artikel anzeigen |
| Veröffentlicht: | 1997 [1998] |
| Format: | Aufsatz |
| Sprache: | Deutsch |
X
alg: 39166072 001A $01999:11-11-16 001B $01999:25-04-21 $t10:53:42.000 001D $01999:11-11-16 001U $0utf8 001X $00 002@ $0Aox 003@ $0391660721 007A $0391660721 $aHEB 007T $0Herd18639 010@ $ager 011@ $a1997 $n1997 [1998] 021A $aRezeption der Homöopathie in polnischen Ärztekreisen des 19. Jahrhunderts 028A $BVerfasser $#Syroka, Bożena Płonka- $4aut $7136251803 $8Płonka-Syroka, Bożena$Z1957- [Tp3] $9204107253 031A $d16 $h145-170 $j1997 037A $aEngl. Res., 170: The Reception of Homeopathy among Polish Physicans in the 19th Century 039B $aIn $8--Abvc--. Medizin, Gesellschaft und Geschichte. - Stuttgart : Steiner, 1991-. - ISSN 0939-351X $x199700000160000855 $9048581127 045F $a610.9438 $eDDC23BSB 045F/01 $a610.9 045F/03 $g438 lok: 39166072 78 exp: 39166072 78 1 #EPN 201B/01 $012-12-17 $t11:21:11.000 201U/01 $0utf8 203@/01 $078775532X 208@/01 $a11-11-16 $be 209A/01 $a/ $f000 $x00 220C/01 $aTitelaufnehmer: cs 244Z/01 $2Trx $#Poola $#Lenkija $#Polija $#Polen Land $#Poland $#Lengyelország $#Poľsko $#Polsko $8--Trx--Polska$gkraj $x01 $9391345966 244Z/01 $#Wilna $#Wilna Vilnius $#Wilnjus $#Wilno $#Vilna $#Vilni $#Wilniuje $#Wilna $75057560-0 $8--Tg1--Vilnius $x02 $9044721684 244Z/01 $#Warschau $#Warszawa $#Warszowa $#Varšava $#Varsovia $#Varsavia $#Varšavaq $#Varsó $#Miasto Stołeczne Warszawa $#Varsovie $#Warsaw $#Varšava $#Varšuva $#Varssavi $74079048-4 $8--Tg1--Warschau $x03 $9085224332 244Z/01 $#Krakau $#Kraków $#Cracovie $#Cracovia $#Cracow $#Krakoi $#Krakov $#Cracov $74073760-3 $8--Tg1--Krakau $x04 $9085207705 244Z/01 $aGeschichte 1800-1900 $x05 244Z/01 $2Trx $#meditsiin teadus $#medicina mokslas $#medicin $#orvostudomány $#medycyna nauka $#lekárstvo veda $#lékařství věda $8--Trx--Medizin$gWissenschaft $x06 $9391373633 244Z/01 $2Trx $#kõrgkoolide olemus $#aukštasis mokslas $#higher education $#egyetemek $#szkolnictwo wyższe $#vysoké školy, všeobecne $#vysoké školy, obecně $8--Trx--Hochschulwesen $x07 $9391367706 244Z/01 $2Trx $8--Trx--Zeitschriftenaufsatz $x08 $9391384341 245Z/01 $a09.09 $x01 247C/01 $82080>Marburg/Lahn, Herder-Institut, Forschungsbibliothek, Bibliographieportal $9336309341
| LEADER | 00000caa a22000002c 4500 | ||
|---|---|---|---|
| 001 | 391660721 | ||
| 003 | DE-603 | ||
| 005 | 20210425105342.0 | ||
| 007 | tu | ||
| 008 | 161111s1997 xx |||| | u00||u|ger c | ||
| 035 | |a (DE-599)HEB391660721 | ||
| 040 | |a DE-603 |b ger |c DE-603 |d DE-603 | ||
| 041 | |a ger | ||
| 082 | 0 | 4 | |8 1\u |a 610.9438 |q DE-101 |2 23/BSB |
| 085 | |8 1\u |b 610.9 | ||
| 085 | |8 1\u |z 2 |s 438 | ||
| 100 | 1 | |a Płonka-Syroka, Bożena |d 1957- |e Verfasser |4 aut |0 (DE-603)204107253 |0 (DE-588)136251803 |2 gnd | |
| 245 | 0 | 0 | |a Rezeption der Homöopathie in polnischen Ärztekreisen des 19. Jahrhunderts |
| 264 | 0 | |c 1997 [1998] | |
| 500 | |a Engl. Res., 170: The Reception of Homeopathy among Polish Physicans in the 19th Century | ||
| 773 | 0 | 8 | |i In |t Medizin, Gesellschaft und Geschichte |d Stuttgart : Steiner, 1991- |x 0939-351X |g Band 16 (1997), Seite 145-170 |w (DE-603)048581127 |w (DE-600)1074354-6 |
| 924 | 0 | |9 2080 |a (DE-603)78775532X |b DE-2080 |c HES |d d |g / | |


